000
00310nam a2200133Ia 4500
008
191201s2013 xx 000 0 und d
082
_a
005.133
_b
SCC
100
_a
SCHILDT,Herbert
245
0
_a
C: The Complete Reference
250
_a
rep
260
_c
2013
_b
TMH
_a
NEW DELHI
300
_a
805
942
_2
ddc
_c
BK
999
_c
7848
_d
7848